000 00610nam a2200229Ia 4500
003 OSt
005 20220928122710.0
006 a|||||r|||| 00| 0
007 ta
008 220927b |||||||| |||| 00| 0 eng d
024 _a63495
037 _cTextual
040 _aSDCL
_cSDCL
_beng
041 _2eng
_aeng
082 _aNT, Q0
100 _aKennedy Dennis Ed.
_9458838
245 0 _aOxford companion to theatre and performance
260 _aOxford
_bOxford University
_c2010
300 _axiv,687p.
_ccm.
942 _hNT, Q0
_cTEXL
_2CC
999 _c772227
_d772227